书目信息 |
| 书名: | THE ROUGH GUIDE TO EUROPE | |
| 作者: | Rough Guides | |
| 分册号: | ||
| 分册名: | 出版地: | NEW YORK |
|
| 出版社: | Rough Guides | |
| 出版时间: | 2004 | |
| 页数: | ||
| 开本: | ||
| 丛书名: | ||
| 中图分类号: | ||
| 科图分类号: | ||
| 其他分类号: | K936.9 | |
| 主题词: | ||
| 电子资源: | ||
| 000 | 00461nam0 2200181 450 | |
| 001 | 202012000891 | |
| 005 | 20121107164120.0 | |
| 008 | 12102501s | |
| 010 | @d1CD | |
| 020 | @a9781843533399@c$24.99 | |
| 099 | @dK936.9@eR755 | |
| 245 | 10 | @aTHE ROUGH GUIDE TO EUROPE@cRough Guides |
| 260 | 0 | @aNEW YORK @bRough Guides @c2004 |
| 300 | @e1CD | |
| 300 | @a1056p@c22cm | |
| 905 | @b009619 | |
| 905 | @dK936.9@eR755 | |
| 905 | @aTSG@dK936.9@eR755 | |
| THE ROUGH GUIDE TO EUROPE / Rough Guides .-NEW YORK : Rough Guides , 2004 |
| 1CD.-1056p ; 22cm |
| ISBN 9781843533399$24.99 |
| ● |
| 相关链接 |
|
|
|
正题名:THE ROUGH GUIDE TO EUROPE
索取号:K936.9/R755
 
预约/预借
| 序号 | 登录号 | 条形码 | 馆藏地/架位号 | 状态 | 备注 |
| 1 | 9619 | 300096198 | 社科库309/309社科库 999排3列3层/ [索取号:K936.9/R755] | 在馆 |